| 000 | 00500nam a2200169 a 4500 | ||
|---|---|---|---|
| 005 | 20250829063930.0 | ||
| 008 | 991125s1970 mx 000 0 spa u | ||
| 035 | _aUPN01000031081 | ||
| 049 | _aCG | ||
| 050 | 4 |
_aLC155 M6 _bS4.32 |
|
| 111 | 2 |
_aSeminario del CREFAL sobre Alfabetización Funcional en América Latina _n(2o : _d1970 : _cLima) _927951 |
|
| 245 | 1 | 0 | _aInforme final. |
| 260 |
_aPátzcuaro, Mich. : _bCREFAL, _c1970. |
||
| 300 | _a127 p. | ||
| 650 | 4 |
_aAnalfabetismo _94901 |
|
| 905 | _aLibro | ||
| 999 |
_c31081 _d31081 |
||